[Event "Logumkloster-chD"]
[Site "Logumkloster"]
[Date "2009.05.19"]
[Round "5"]
[White "Boysen, Mathias"]
[Black "Jessen, Morten"]
[Result "0-1"]
[WhiteElo "1000"]
[BlackElo "1365"]
[PlyCount "86"]
[EventDate "2009.04.21"]
[EventType "tourn"]
[EventRounds "5"]
[EventCountry "DEN"]
[SourceTitle "EXT 2023"]
[Source "ChessBase"]
[SourceDate "2022.10.05"]
[SourceVersion "1"]
[SourceVersionDate "2022.10.05"]
[SourceQuality "1"]

1. e4 c5 2. Nf3 Nc6 3. Bc4 d6 4. Nc3 Bg4 5. 0-0 Nf6 6. h3 Bh5 7. d3 Qc8 8. Qe1 Bxf3 9. gxf3 Qxh3 10. Nd5 Nd4 11. Qd1 Nxf3+ 12. Qxf3 Qxf3 13. Bd2 Nxd5 14. exd5 f6 15. Rae1 h5 16. Re3 Qf5 17. d4 cxd4 18. Bd3 dxe3 19. Bxf5 exd2 20. Rd1 g5 21. Bg6+ Kd8 22. Rxd2 h4 23. f3 Bh6 24. Rg2 Rc8 25. Bf5 Rc4 26. Rh2 Rd4 27. Kf2 Rxd5 28. Be4 Re5 29. b4 f5 30. Ke2 fxe4 31. fxe4 Rxe4+ 32. Kf3 Rc4 33. Rd2 g4+ 34. Ke2 Bxd2 35. Kxd2 h3 36. Kd3 h2 37. Kxc4 h1Q 38. Kb3 b5 39. a4 Qb1+ 40. Kc3 Rh3+ 41. Kd4 Qxb4+ 42. Kd5 Kd7 43. c3 Rh5# 0-1

[Event "Logumkloster-chD"]
[Site "Logumkloster"]
[Date "2009.05.05"]
[Round "3"]
[White "Boysen, Mathias"]
[Black "Jensen, Peter M"]
[Result "0-1"]
[WhiteElo "1000"]
[BlackElo "1160"]
[PlyCount "88"]
[EventDate "2009.04.21"]
[EventType "tourn"]
[EventRounds "5"]
[EventCountry "DEN"]
[SourceTitle "EXT 2023"]
[Source "ChessBase"]
[SourceDate "2022.10.05"]
[SourceVersion "1"]
[SourceVersionDate "2022.10.05"]
[SourceQuality "1"]

1. e4 e6 2. Nc3 c6 3. d3 h6 4. Nf3 d6 5. Be2 Nf6 6. d4 g6 7. e5 Nh5 8. 0-0 d5 9. Na4 Nd7 10. Bd2 a6 11. b3 b5 12. Nb2 g5 13. h3 f6 14. c4 f5 15. Bc1 Ng7 16. cxd5 exd5 17. Bd3 Nb6 18. e6 Bxe6 19. Ne5 Qd6 20. a4 b4 21. Be2 Ra7 22. Bh5+ Nxh5 23. Qxh5+ Bf7 24. Qf3 f4 25. Re1 Re7 26. Bd2 Nd7 27. Nxf7 Kxf7 28. Rxe7+ Kxe7 29. Re1+ Kd8 30. Qg4 Nf6 31. Re6 Nxg4 32. Rxd6+ Bxd6 33. hxg4 h5 34. gxh5 Rxh5 35. Nd3 g4 36. Nxf4 Bxf4 37. Bxf4 Kc8 38. f3 gxf3 39. gxf3 Rh4 40. Bg3 Rxd4 41. f4 Rd3 42. Bh4 Rxb3 43. f5 Rf3 44. f6 d4 0-1